000 00527nam a2200229Ia 4500
003 OSt
005 20221005130846.0
006 a|||||r|||| 00| 0
007 ta
008 221004b |||||||| |||| 00| 0 guj d
024 _a40771
037 _cTextual
040 _aCRL
_cCRL
_bguj
041 _2guj
_aguj
082 _aR3:25, 156H6
245 0 _aSanskar Pothi
260 _c1946
300 _a46p.
_ccm.
650 _aPHILOSOPHY
942 _hR3:25, 156H6
_cTEXL
_2cc
999 _c1058626
_d1058626